| 000 | 00547nam a22001817a 4500 | ||
|---|---|---|---|
| 003 | CEME | ||
| 005 | 20210628205526.0 | ||
| 008 | 210209b xxu||||| |||| 00| 0 eng d | ||
| 020 | _a0-7680-0052-1 | ||
| 040 | _c. | ||
| 082 | _a629.253 BEC'A | ||
| 100 |
_aBechtold, Richard L _975888 |
||
| 245 | _aAlternative fuels guidebook properties storage dispensing and vehicle facility modifications | ||
| 260 |
_aUSA _bSAE _c1997 |
||
| 300 | _a204P | ||
| 650 |
_aINTERNAL COMBUSTION ENGINES-ALTERNATE FUELS FUELS-AUTOMOBILES _975889 |
||
| 942 |
_cBK _2ddc |
||
| 999 |
_c581299 _d581299 |
||